Normal view MARC view

Entry Personal Name

Number of records used in: 2

001 - CONTROL NUMBER

  • control field: 26590

003 - CONTROL NUMBER IDENTIFIER

  • control field: OSt

005 - DATE AND TIME OF LATEST TRANSACTION

  • control field: 20230623101641.0

008 - FIXED-LENGTH DATA ELEMENTS

  • fixed length control field: 230623|| aca||aabn | a|a d

040 ## - CATALOGING SOURCE

  • Original cataloging agency: OSt
  • Transcribing agency: OSt

100 ## - HEADING--PERSONAL NAME

  • Personal name: ၵႂၢင်းသိူဝ်
  • Titles and other words associated with a name: ၸဝ်ႈ

670 ## - SOURCE DATA FOUND

  • Source citation: Work cat.: (OSt): ၵႂၢင်းသိူဝ် ၸဝ်ႈ, လိၵ်ႈသင်ႇသွၼ်ပွၼ်ႈဢွႆႇလေႃးႁၼီႇသုတ်ႈဢိၵ်ႇပႃးဢပုမ်ႇဢၢႆႈၸွၵ်ႇၸၢင်ႈပႅတ်ႉ , 2007

Library - 09407999929
Admin Office - 09407999979
Dean Office - 09250910768
Registrar Office - 09892297154
Email - [email protected]
Shan State Buddhist University, Phaya Phyu Taunggyi, Shan State, Myanmar.